ARRUPE JESUIT UNIVERSITY

CORONAVIRUS -STOP THE SPREAD - CLEAN,DISINFECT,COVER

Guide to the Zimbabwe ruins, and other antiquities near Fort Victoria. (Record no. 124830)

MARC details
000 -LEADER
fixed length control field 01080cam a2200289 4500
001 - CONTROL NUMBER
control field 2685133
003 - CONTROL NUMBER IDENTIFIER
control field ARRUPE
005 - DATE AND TIME OF LATEST TRANSACTION
control field 20160803103909.0
008 - FIXED-LENGTH DATA ELEMENTS--GENERAL INFORMATION
fixed length control field 750124s1972 rh a b f000 0 eng
010 ## - LIBRARY OF CONGRESS CONTROL NUMBER
LC control number 74194177
040 ## - CATALOGING SOURCE
Original cataloging agency DLC
Transcribing agency DLC
Modifying agency DLC
043 ## - GEOGRAPHIC AREA CODE
Geographic area code f-rh---
050 00 - LIBRARY OF CONGRESS CALL NUMBER
Classification number DT962.9.Z5
Item number G8 1972
082 00 - DEWEY DECIMAL CLASSIFICATION NUMBER
Classification number 916.89/1
300 ## - PHYSICAL DESCRIPTION
Other physical details illus.
Dimensions 19 cm.
245 00 - TITLE STATEMENT
Title Guide to the Zimbabwe ruins, and other antiquities near Fort Victoria.
Statement of responsibility, etc [Editor: C. K. Cooke.
250 ## - EDITION STATEMENT
Edition statement 4th ed., completely rewritten.
260 ## - PUBLICATION, DISTRIBUTION, ETC. (IMPRINT)
Place of publication, distribution, etc Bulawayo,
Name of publisher, distributor, etc Rhodesia, Commission for the Preservation of Natural and Historical Monuments and Relics,
Date of publication, distribution, etc 1972]
300 ## - PHYSICAL DESCRIPTION
Extent 56 p.
350 ## - PRICE (NR) (BK AM CF MU VM SE) [OBSOLETE]
Price $0.25
504 ## - BIBLIOGRAPHY, ETC. NOTE
Bibliography, etc Includes bibliographical references.
651 #0 - SUBJECT ADDED ENTRY--GEOGRAPHIC NAME
Geographic name Great Zimbabwe (Zimbabwe)
9 (RLIN) 24546
651 #0 - SUBJECT ADDED ENTRY--GEOGRAPHIC NAME
Geographic name Zimbabwe
General subdivision Antiquities
9 (RLIN) 9546
700 1# - ADDED ENTRY--PERSONAL NAME
Personal name Cooke, Cranmer Kenrick,
Dates associated with a name 1906-
Relator term ed.
9 (RLIN) 24547
710 1# - ADDED ENTRY--CORPORATE NAME
Corporate name or jurisdiction name as entry element Rhodesia, Southern.
Subordinate unit Commission for the Preservation of Natural and Historical Monuments and Relics.
9 (RLIN) 24548
906 ## - LOCAL DATA ELEMENT F, LDF (RLIN)
a 7
b cbc
c orignew
d 4
e ncip
f 19
g y-gencatlg
942 ## - ADDED ENTRY ELEMENTS (KOHA)
Source of classification or shelving scheme Library of Congress Classification
Koha item type Monograph ( Printed materials)
Holdings
Withdrawn status Lost status Source of classification or shelving scheme Damaged status Not for loan Collection code Home library Current library Shelving location Date acquired Total Checkouts Full call number Barcode Date last seen Price effective from Koha item type
    Library of Congress Classification     Main Collection ARRUPE LIBRARY ARRUPE LIBRARY Reference 03/08/2016   SPC DT962.9.G73 S955 1971 46500009291 03/08/2016 03/08/2016 SPC

 

Arrupe Library. PO Box MP320 Mt Pleasant, Harare, Zimbabwe
263 242 745411|librarian@aju.ac.zw